[Event "Olympiad-33"]
[Site "Elista"]
[Date "1998.10.12"]
[Round "13.1"]
[White "Rozentalis, Eduardas"]
[Black "Iuldachev, Saidali"]
[Result "1-0"]
[WhiteElo "2575"]
[BlackElo "2505"]
[Annotator "Rozentalis,E"]
[PlyCount "105"]
[EventDate "1998.09.29"]
[EventType "team-swiss"]
[EventRounds "13"]
[EventCountry "RUS"]
[SourceTitle "CBM 068"]
[Source "ChessBase"]
[SourceDate "1999.02.01"]
[SourceVersion "1"]
[SourceVersionDate "1999.02.01"]
[SourceQuality "1"]
[WhiteTeam "Lithuania"]
[BlackTeam "Uzbekistan"]
[WhiteTeamCountry "LTU"]
[BlackTeamCountry "UZB"]

1. e4 g6 2. d4 Bg7 3. Nc3 c6 4. Nf3 d6 5. Be2 Nf6 6. O-O O-O 7. a4 a5 8. h3 Na6
9. Bf4 Nb4 10. Qd2 b6 $146 (10... e5 11. dxe5 dxe5 12. Bxe5 Qxd2 13. Nxd2 Nxc2
14. Rac1 Nb4 15. Nc4 Be6 16. Nd6 $16 {:Rozentalis E. 2610-Ftacnik L. 2585,
Bundesliga 1998]}) 11. Rad1 Bb7 12. Bh6 d5 $6 (12... Bxh6 13. Qxh6 Nxc2 $2 14.
e5 $18) (12... Qc7) 13. Bxg7 Kxg7 14. e5 Ne8 15. Rde1 f5 16. h4 $1 (16. exf6+
exf6 {, Ne8-d6}) 16... Nc7 17. h5 Ne6 18. hxg6 hxg6 19. g3 {[ Kg1-g2, Rf1-h1]}
Kf7 (19... c5 20. Nb5 $1 $16) (19... Rh8 $142) 20. Nd1 {[ Nd1-e3-g2-f4;
c2-c3-c4]} Ba6 21. Kg2 Bxe2 22. Qxe2 Ke8 23. Rh1 Kd7 24. Rh6 Rg8 25. Reh1 Qf8
26. c3 Na6 27. c4 Nac7 28. Nc3 {[ xd5]} Kc8 29. cxd5 cxd5 30. Nb5 Na6 $8 (30...
Kb7 31. Nxc7 Nxc7 (31... Kxc7 32. Qb5 $18) 32. Ng5 $1 {[xe6]}) 31. Rh7 Rg7 32.
Rxg7 Qxg7 33. Qc2+ Kb7 {[#]} (33... Kd7 34. Nc3 Nb4 35. Qe2 Nc7 36. e6+) 34.
Ng5 $3 Rc8 (34... Nxg5 35. Rc1 Nc5 36. dxc5 Qxe5 37. c6+ Kc8 38. f4 Qe4+ 39.
Qxe4 Nxe4 40. Rh1 $18) (34... Qg8 35. Rh7) (34... Nac7 35. Nxc7 Nxc7 36. Qxc7+)
35. Qb3 $1 (35. Nxe6 Qg8 36. Qb3 Qxe6 37. Rh7 Nc7 $11) 35... Nxg5 36. Qxd5+ Kb8
37. Qd7 Nc7 {[#]} 38. Na7 $3 (38. Rc1 $2 Qh8 $3 $19) 38... Rh8 (38... Re8 39.
Rc1 Nge6 40. Nb5 Rd8 41. Qc6 $18) (38... Kxa7 39. Qxc8 e6 40. Rh8 $18) 39. Nc6+
Kb7 40. Nxe7 $1 Nge6 (40... Rxh1 41. Qc8+) 41. Rxh8 (41. d5 Rd8 42. Qc6+ Ka6
43. d6 Qxe5 44. dxc7 Nxc7 45. Nxg6 $16) 41... Qxh8 42. d5 $18 Ng5 43. Qc6+ Ka6
44. Qc4+ Kb7 45. Qc6+ Ka6 46. d6 Nce6 (46... Qh3+ 47. Kg1) 47. d7 Nf4+ (47...
Qb8 48. Qc4+ b5 (48... Kb7 49. Qc8+) 49. Qc6+ Qb6 50. Qa8+ $18) 48. Kg1 (48.
gxf4 $2 Qh3+ 49. Kg1 Qg4+ $11) 48... Ne2+ 49. Kf1 Nxg3+ 50. fxg3 Qh3+ 51. Qg2
Qh8 52. Nxg6 Qg8 53. Qc6 1-0

[Event "EU-Cup 16th"]
[Site "Neum"]
[Date "2000.09.25"]
[Round "2.3"]
[White "Rozentalis, Eduardas"]
[Black "Lugovoi, Aleksei"]
[Result "1/2-1/2"]
[WhiteElo "2570"]
[BlackElo "2534"]
[Annotator "Rozentalis,E"]
[PlyCount "102"]
[EventDate "2000.09.24"]
[EventType "team-swiss"]
[EventRounds "7"]
[EventCountry "BIH"]
[SourceTitle "CBM 080"]
[Source "ChessBase"]
[SourceDate "2001.01.25"]
[SourceVersion "1"]
[SourceVersionDate "2001.01.25"]
[SourceQuality "1"]
[WhiteTeam "Warsaw Polonia"]
[BlackTeam "Kiseljak"]
[WhiteTeamCountry "POL"]
[BlackTeamCountry "BIH"]

1. e4 d6 2. d4 Nf6 3. Nc3 g6 4. Nf3 Bg7 5. Be2 O-O 6. O-O Bg4 7. Be3 Nc6 8. Nd2
Bxe2 9. Qxe2 Nd7 10. Nb3 $146 ({after} 10. d5 Nd4 {is possible}) 10... e5 11.
d5 Ne7 12. Rad1 {[in order to prevent 12...c6]} (12. Na5 c6 $13) 12... Kh8 13.
Na5 Qc8 14. b4 f5 15. f3 Ng8 16. Nb1 Bh6 17. c4 Bxe3+ 18. Qxe3 {[both sides
accomplished their plans: black swaped the bishops and and prepared pawn
attack on the king side, while white is ready to play c4-c5. Black has to
weaken his queen side in order to stop the threat]} b6 19. Nc6 Ngf6 20. Nd2 Qe8
21. Qc3 (21. Rc1) 21... f4 22. c5 ({interesting pawn sacrifice, but} 22. Rc1 {
with the threat 23.c5 was much stronger.}) 22... bxc5 23. bxc5 Nxc5 24. Qa5 Rf7
(24... Nb7 25. Qb4 (25. Qxc7 Rf7) 25... Nd8 26. Rc1 {was too passive for black}
) 25. Rc1 g5 26. Rxc5 {[it was the main idea, when white played 22.c5.]} dxc5
27. Qc3 $1 {[xe5]} Nd7 28. Nc4 Rg7 29. N4xe5 Nxe5 30. Nxe5 Qe7 {[ for an
exchange white destroyed black center. It looked very promising position for
white, but I didn't manage to find anything,]} 31. Nd3 (31. Nc6 Qd6) (31. Ng4
c6) 31... c6 $1 {[black immediately attacks the center]} 32. dxc6 Qd6 33. Ne5
Qd4+ (33... Re8 $4 34. Nf7+) 34. Qxd4 cxd4 35. Rc1 Rc7 36. Rc5 Rb8 $2 ({
waste of time,} 36... Re8 $11 {was the right move. Now white has an advantage.}
) 37. Rd5 Kg7 38. h4 gxh4 39. Kh2 Re8 40. Kh3 $2 ({leads to draw,} 40. a4 $1 {
with some chances}) 40... Kf6 41. Nd3 Rxc6 42. Rxd4 Rg8 $1 $132 {[ x g2]} 43.
e5+ (43. Nxf4 Ke5) 43... Ke7 (43... Ke6 $2 44. Re4 $1) 44. Nxf4 (44. a4 Rg3+
45. Kh2 Rc2 46. Nxf4 Rxf3) 44... Rc1 45. Kh2 h3 46. Nxh3 Rc2 47. Nf4 Rxa2 48.
Rd6 Rg5 49. Re6+ Kd7 50. Rd6+ (50. Kh3 $2 Rg6 $3 $19) 50... Ke7 51. Re6+ Kd7
1/2-1/2

[Event "MK Cafe Cup-A"]
[Site "Koszalin"]
[Date "1998.08.12"]
[Round "10"]
[White "Rozentalis, Eduardas"]
[Black "Ehlvest, Jaan"]
[Result "1-0"]
[WhiteElo "2575"]
[BlackElo "2620"]
[Annotator "Rozentalis,E"]
[PlyCount "83"]
[EventDate "1998.08.03"]
[EventType "swiss"]
[EventRounds "10"]
[EventCountry "POL"]
[SourceTitle "CBM 065 Extra"]
[Source "ChessBase"]
[SourceDate "1998.09.09"]
[SourceVersion "1"]
[SourceVersionDate "1998.09.09"]
[SourceQuality "1"]

1. e4 g6 2. d4 Bg7 3. Nf3 d6 4. Nc3 Nf6 5. Be2 O-O 6. O-O Nc6 7. h3 e5 8. dxe5
dxe5 9. Qxd8 Rxd8 10. Bc4 Be6 $5 {White played a very solid variation, black
decided to sharpen the position. On the other hand, after swaping bishops
black takes control of central squares.} 11. Bxe6 fxe6 12. Bg5 Rd7 (12... h6
13. Bxf6 Bxf6 14. Nb5 Rd7 15. Rfd1 Rad8 16. Rxd7 Rxd7 17. Na3 $1 Nd4 18. Ne1
$14) 13. Rfd1 Rad8 14. Kf1 Rd6 15. Ke1 {While black couldn't play Nd4 because
of the unprotected e5 pawn, white moved his king to the centre.} a6 16. a3 h6
17. Be3 Bf8 18. Rac1 $1 {White prepares for doubling rooks on d-file.  Instant
18.Rd2 was not good, because of} (18. Rd2 $2 Rxd2 19. Nxd2 Nd4) 18... b5 19.
Rd2 g5 {Now c2 is protected and white is ready for 19..Rd2 20.Nd2 Nd4 21.Ne2
and 22.c3.} 20. Rcd1 g4 21. hxg4 Nxg4 22. Ke2 Kf7 23. Rd3 Be7 24. Nb1 Nxe3 $4 {
A big mistake. Black should keep the tension in the centre, and the position
is equal. Now white pawns also take control on the central squares, but black
finds himself in problem with the bad bishop.} 25. fxe3 Rg8 26. Kf2 Rgd8 27.
Nbd2 $1 $16 {Suddenly after this white obtains big an advantage, as he can
attack the weak pawns on the queen side and in the centre, while black has
nothing in response. Also black can't take twice on d3} Rxd3 28. cxd3 Bd6 (
28... Rxd3 $4 29. Rc1 Rd6 30. Rxc6 Rxc6 31. Nxe5+ $18) 29. Rc1 Ne7 30. Nb3 c6
31. Nc5 Ra8 32. Nd7 $18 Ke8 33. Nfxe5 Kd8 34. d4 Ra7 35. Nc5 (35. Nf8) 35...
Bxe5 36. dxe5 Ng6 37. Nxe6+ Kd7 38. Nc5+ Ke7 39. Nd3 Rc7 40. Rh1 c5 41. Rxh6
Rc6 42. e6 (42. e6 Rxe6 43. Nxc5 $18) 1-0

[Event "EU-Cup 19th"]
[Site "Rethymno"]
[Date "2003.09.29"]
[Round "2.6"]
[White "Landa, Konstantin"]
[Black "Rudolf, Henrik"]
[Result "1-0"]
[WhiteElo "2614"]
[BlackElo "2316"]
[Annotator "Schluricke,R"]
[PlyCount "43"]
[EventDate "2003.09.28"]
[EventType "team-swiss"]
[EventRounds "7"]
[EventCountry "GRE"]
[SourceTitle "CBM 098"]
[Source "ChessBase"]
[SourceDate "2004.02.03"]
[SourceVersion "1"]
[SourceVersionDate "2004.02.03"]
[SourceQuality "1"]
[WhiteTeam "Tomsk 400"]
[BlackTeam "Berlin SF"]
[WhiteTeamCountry "RUS"]
[BlackTeamCountry "GER"]

1. e4 d6 2. d4 Nf6 3. Nc3 g6 4. Be3 c6 5. Qd2 Nbd7 6. Nf3 e5 7. h3 Bg7 8. Bh6
O-O 9. Bxg7 Kxg7 10. O-O-O Re8 11. g4 b5 12. g5 Nh5 13. Ne2 Qb6 14. Ng3 Nxg3
15. fxg3 exd4 16. Nxd4 Nc5 17. Bg2 Nxe4 18. Qf4 d5 19. Rhf1 Qb7 20. Nxc6 Be6
21. Nd4 Rad8 22. Nxe6+ (22. Nxe6+ fxe6 (22... Rxe6 23. Bxe4 $18 {[%csl Rd8]})
23. Bxe4 dxe4 $2 24. Qf6+ Kg8 25. Rxd8 $18) 1-0

[Event "Olympiad-29"]
[Site "Novi Sad"]
[Date "1990.11.20"]
[Round "4"]
[White "Morovic Fernandez, Ivan"]
[Black "Seirawan, Yasser"]
[Result "1/2-1/2"]
[WhiteElo "2530"]
[BlackElo "2635"]
[Annotator "Seirawan,Y"]
[PlyCount "118"]
[EventDate "1990.11.17"]
[EventType "team-swiss"]
[EventRounds "14"]
[EventCountry "YUG"]
[SourceTitle "TD"]
[Source "ChessBase"]
[SourceDate "1994.03.01"]
[SourceVersion "1"]
[SourceVersionDate "1994.03.01"]
[SourceQuality "1"]
[WhiteTeam "Chile"]
[BlackTeam "US of America"]
[WhiteTeamCountry "CHI"]
[BlackTeamCountry "USA"]

1. d4 d6 2. e4 Nf6 3. Nc3 g6 4. Nf3 Bg7 5. Be2 O-O 6. O-O Bg4 7. Be3 Nc6 8. d5
$1 Bxf3 9. Bxf3 Ne5 10. Be2 c6 11. a4 a5 $1 (11... Qa5 $2 {Wolff-Seirawan, New
York 1990}) 12. f4 Ned7 13. Bf3 $36 {<-> f6} Nb6 14. Qe2 (14. dxc6 bxc6 15. e5
Nfd5 16. Nxd5 Nxd5 17. Bxd5 cxd5 18. Qxd5 (18. Bd4 $10 e6) 18... dxe5 $10) (14.
Qe1 $5 {P h4}) 14... Nfd7 $1 {->a1-h8; P e6,f5} 15. Kh1 Qc7 16. Rfd1 (16. Rad1
$6 Bxc3 $1 {P a4}) 16... e5 $2 {P ef4, e5} (16... e6 {P 17...ed5 18.ed5=}) (
16... Bxc3 $2 17. bxc3 cxd5 18. exd5 Qxc3 19. Bd4 $1) (16... Rae8 $142 {P e5})
17. f5 $1 {P g4} (17. dxe6 $2 fxe6 18. Qd3 d5 $1) 17... cxd5 {[#]} 18. Bxb6 $5
(18. Nxd5 $142 $1 Nxd5 19. Rxd5 Nf6 20. Rd2 $1 gxf5 21. exf5 e4 22. Bg4 d5 23.
Bd4 $14) 18... Qxb6 $1 (18... Nxb6 $2 19. Nxd5 Nxd5 20. Rxd5 $16) 19. Nxd5 Qxb2
$1 20. fxg6 hxg6 21. Rab1 Qa3 22. Bg4 Nf6 23. Rb3 Qxa4 24. Ne7+ Kh7 (24... Kh8
25. Rh3+ Nh7 26. Bf5 $1 Bf6 27. Nxg6+ $1 fxg6 28. Rxh7+ $1 Kxh7 29. Qh5+ Kg8
30. Qxg6+ Bg7 31. Be6+ $18) 25. Rh3+ Bh6 {[#]} 26. Nf5 (26. Rxd6 Nxg4 $5 27.
Qxg4 Rad8 28. Rxh6+ $140 Kxh6 29. Nf5+ Kh7 30. Qh4+ $2 (30. Rxd8 $145 $1 gxf5
$1 31. Qxf5+ Kg8 32. Qg4+ Kh7 33. Rd3 Qa1+ 34. Rd1 Qb2 35. Rf1 $1 $16 {P h4,
f5-h5}) 30... Kg8 31. Rxd8 Qa1+ $1) (26. Bf5 Kg7 27. Rxh6 (27. Rg3 Bf4) 27...
Kxh6 28. Qe3+ Kg7 29. Qg5 Nh7 30. Qg3 Qe8 $1) (26. Rf1 $5 Kg7 27. Rxh6 Nxg4 $2
(27... Kxh6 $8 28. Rxf6 Kg7 $13 29. Rf1 Qe8 30. Nd5 Qd8) 28. Qxg4 Kxh6 29. h3
$1 (29. Qh4+ Kg7 30. Qf6+ Kh7) 29... Qc4 30. Rf6 $1 Kg7 31. Rxg6+) 26... gxf5
27. Bxf5+ Kg7 28. Rxh6 $2 (28. Rg3+ $1 Kh8 29. Rh3 Kg7 (29... Ng8 $2 30. Rxh6+
Nxh6 31. Qh5 $18) 30. Rg3+ $10) 28... Rh8 $1 (28... Kxh6 29. Qe3+ Kh5 (29...
Kg7 30. Qg5+) 30. g4+ Nxg4 31. Qh3+ Kg5 32. Qxg4+ Kf6 33. Qh4+ $18) 29. Rxh8
Rxh8 30. Rxd6 Qa3 $1 31. Rd3 (31. Rd1 Qg3 32. Bh3 Qg6 33. Bf5 Qh5 34. g4 Qg5)
31... Qc1+ 32. Rd1 (32. Qd1 $2 Qxd1+ 33. Rxd1 a4 $1) 32... Qg5 33. Kg1 $5 a4
34. Qf3 b5 {P b4,a3} 35. Qc3 Qf4 (35... b4 $5 36. Qxe5 (36. Qxb4 Qe3+ 37. Kh1
Qf4 38. h3 Nh5 $1) 36... Qe3+ 37. Kh1 a3 $1) 36. h3 (36. g3 $2 Nxe4 $1 $19)
36... Nxe4 37. Bxe4 Qxe4 38. Qg3+ $1 $132 Kh7 39. Rf1 $1 Rg8 $1 (39... f5 40.
Qg5 Rg8 41. Qh5+ Kg7 42. Rxf5) (39... Rf8 $143 40. Rf6 $1) 40. Rxf7+ Kh8 41.
Qf2 Qd4 42. c3 $3 (42. Rb7 Rc8 43. Rxb5 Rxc2 44. Qxd4 exd4 $19) 42... Qxf2+ 43.
Kxf2 $1 Ra8 44. Ke3 $1 a3 45. Rf1 a2 46. Ra1 Kg7 47. g4 $1 Kf6 48. h4 $1 Ra4
49. Kf3 Kg6 50. Ke3 $1 (50. Kg3 Ra3 $1 {P b4}) 50... Kf6 (50... Rxg4 51. Rxa2
$10) 51. Kf3 Ra3 52. Ke4 $1 Ke6 53. h5 Ra4+ 54. Kf3 Kf6 55. h6 Kg6 56. g5 Kxg5
57. h7 Rh4 58. Rxa2 Rxh7 59. Ke4 Rc7 1/2-1/2

[Event "Cappelle op 20th"]
[Site "Cappelle la Grande"]
[Date "2004.03.01"]
[Round "3"]
[White "Seret, Jean Luc"]
[Black "Mista, Aleksander"]
[Result "1-0"]
[WhiteElo "2315"]
[BlackElo "2521"]
[Annotator "Seret,JL"]
[PlyCount "79"]
[EventDate "2004.02.28"]
[EventType "swiss"]
[EventRounds "9"]
[EventCountry "FRA"]
[SourceTitle "CBM 099 Extra"]
[Source "ChessBase"]
[SourceDate "2004.05.04"]
[SourceVersion "1"]
[SourceVersionDate "2004.05.04"]
[SourceQuality "1"]

1. e4 g6 {Défense "moderne" que je pratique moi-même, mais l'appellation date
déjà de plus de 30 ans !} 2. d4 Bg7 3. Nc3 d6 4. Be3 c6 5. Nf3 Nf6 6. Qd2 Nbd7
7. Bh6 Bxh6 8. Qxh6 e5 9. O-O-O Qe7 10. h3 b5 {Cette position a été beaucoup
jouée ces dernières années, mais pour moi elle était inédite. Je la
considérais donc avec des yeux neufs, et fus tenté par le classique sacrifice
en b5, qui n'avait été joué qu'une seule fois parmi les 2.500.000 parties de
la MegaDatabase !} (10... a6 11. dxe5 dxe5 12. Bc4 b5 13. Bb3 a5 14. a4 b4 15.
Nb1 Ba6 16. Nbd2 O-O-O 17. Qe3 Kb7 18. Bc4 Nc5 19. Bxa6+ Kxa6 20. Nc4 Nfxe4 21.
Nfxe5 Rd5 22. Nxc6 Qg5 23. Rxd5 Qxd5 24. N4xa5 Kb6 25. Nxb4 {1-0 (25) Kasparov,
G (2838)-Radjabov,T (2610) Moscow 2002}) 11. dxe5 dxe5 12. Bxb5 $5 cxb5 13.
Nxb5 Qc5 14. Nd6+ Ke7 15. Ng5 $146 ({Une amélioration par rapport а
Stocek-PryBil 1998 où fut joué} 15. Rd2) 15... Rf8 ({Si} 15... Qxf2 16. Ngxf7
Rg8 (16... Rf8 {[%emt 0:00:00]} 17. Rhf1 {[%eval 375,9] [%emt 0:00:03]} Qb6 18.
Ng5) 17. Rhf1 $16 {la Tour est mise en jeu avec gain de temps} Qxg2 18. Nxe5
Nxe5 19. Qf4 Ned7 (19... Nfd7 20. Qh4+ Ke6 21. Nb5 $18) 20. e5 Rf8 21. exf6+
Rxf6 22. Rfe1+ $18) 16. Rd2 (16. Qg7 Ba6 17. Nxh7 Nxh7 18. Nxf7 Rg8 19. Rxd7+
Kxd7 20. Nxe5+ Ke6 21. Qf7+ Kxe5 22. f4+ $13 Kxe4 23. Re1+ Qe3+ 24. Rxe3+ Kxe3
25. Qxh7 Bf1 26. Qb7) 16... Nb6 $6 {En abandonnant la défense de son collègue,
le cavalier offre une possibilité nouvelle aux Blancs.} ({Autres possibilités} 
16... Rb8 $1 {Fritz7 1200 Mb} 17. Rhd1 Rxb2 18. Kxb2 Qb4+ 19. Ka1 Ba6 20. Nf5+
gxf5 21. Rxd7+ Nxd7 22. Qc6 Rd8 23. Nxf7 Be2 24. Rb1 Qd4+ (24... Qxe4 25. Nxd8
Kxd8 26. Qxe4 fxe4 27. Re1 $14) 25. c3 Qxe4 26. Nxd8 Kxd8 27. Qxe4 fxe4 28. Rb7
a6 $17) (16... Qa5) (16... Qb4) (16... Qb6) (16... Ba6 {Dans tous les cas avec
un jeu complexe}) 17. Qh4 h6 ({Si} 17... Rh8 18. f4 {avec attaque} Nc4 (18...
Be6 19. Nf3 Nbd7 (19... g5 20. Qxg5 Rhg8 21. Nf5+ Bxf5 22. Qxf5 Qc4 23. Qxe5+
Qe6 24. Qa5 $16) 20. fxe5 Nxe5 21. Qg5 Ned7 22. e5 $18) 19. fxe5 Nxe5 (19...
Nxd2 20. Qf4 $1) 20. Rf1) 18. Nh7 {Force le pion g а avancer ce qui va donner
la case f5 aux pièces blanches} g5 19. Qxh6 Nxh7 20. Qxh7 Be6 ({A envisager
sérieusement} 20... Nc4 21. Rd5 Qb4 22. Nxc4 Qxc4 {forçant peut-être la nulle
par} 23. b3 Qc3 24. Qg7 Qa1+ 25. Kd2 Qxh1 26. Qxe5+ Be6 27. Qd6+ Kf6 28. Qe5+
Ke7 {et échec perpétuel}) 21. Nf5+ Bxf5 22. Qxf5 f6 23. Rhd1 {Les Noirs
souffrent de la colonne d et de leur Roi exposé, mais la position devrait
encore être nulle} Qc8 24. Qf3 Qc4 25. b3 Qc6 26. h4 {La Dame blanche se donne
de l'espace de manoeuvre а l'aile Roi} gxh4 27. Qg4 Rac8 (27... a5) 28. c4 {
Les Noirs aimeraient bien un jour sacrifier leur Cavalier sur c4, mais il y a
youjours un échec fâcheux en d7} Qe6 29. Qxh4 Rc7 (29... Nxc4 30. Qh7+ Ke8 31.
bxc4 Qxc4+ 32. Kb1 Rb8+ 33. Rb2 Rxb2+ 34. Kxb2 Qb4+ 35. Kc2 Qc5+ $11) 30. Qh7+
Qf7 31. Qh3 Rfc8 ({Ici une suite logique aurait été} 31... Qe6 {avec nulle par
répétition de position si les blancs le désirent}) 32. Kb1 Rb8 $4 {Les Noirs
rêvent et oublient la menace} ({Le programme Fritz donne la suite avantageuse
pour les Blancs} 32... Qe6 33. Qh6 Qg8 34. Rd6 Qh8 35. Qd2 Qh4 36. Ka1 Qxe4 37.
Qh6 Rf8 38. Qg7+ Rf7 39. Qg8 Rc8 40. Rd8 Rxd8 41. Qxd8+ Ke6 42. c5 Qxg2 43.
cxb6 Qc6 44. bxa7 Rxa7 45. Qg8+ Kf5 46. f3 Qc3+ 47. Kb1 Qxf3 48. Qc8+ Kf4 49.
Qc1+ Kg3 50. Rd2 $18 {mais tout ceci est-il bien forcé ?}) 33. c5 {Ni la Tour
c7 ni le Cavalier b6 ne peuvent bouger а cause de l'échec en d7 gagnant la
Dame. Les Blancs récupèrent leur pièce avec intérêts et conservent une
position dominante ce qui mène а une conclusion rapide} Rbb7 34. cxb6 axb6 35.
Rd6 b5 36. Qd3 Qg8 37. Rd8 Qg7 38. Qd6+ Kf7 39. Qd5+ Ke7 40. Rg8 1-0

[Event "Val Thorens op 12th"]
[Site "Val Thorens"]
[Date "1987.07.??"]
[Round "5"]
[White "Tompa, Janos"]
[Black "Seret, Jean Luc"]
[Result "1-0"]
[WhiteElo "2405"]
[BlackElo "2425"]
[Annotator "Seret,JL"]
[PlyCount "31"]
[EventDate "1987.07.??"]
[EventType "swiss"]
[EventRounds "9"]
[EventCountry "FRA"]
[SourceTitle "EXT 2021"]
[Source "ChessBase"]
[SourceDate "2020.10.23"]
[SourceVersion "1"]
[SourceVersionDate "2020.10.23"]
[SourceQuality "1"]
[TimeControl "40/7200:20/3600:0"]

1. e4 d6 2. d4 Nf6 3. Nc3 g6 4. Nf3 Bg7 5. Be2 O-O 6. O-O c6 7. Re1 Nbd7 8. e5
Ne8 9. exd6 (9. Bf4 dxe5 10. dxe5 Nc7 11. Qd2 Ne6 12. Bc4 Nb6 13. Bxe6 Bxe6 14.
Qe2 Nd5 15. Nxd5 Qxd5 16. b3 Bg4 17. Rad1 Bxf3 18. Qxf3 Qxf3 19. gxf3 Rfd8 20.
Kf1 Kf8 21. Ke2 Ke8 22. Ke3 Rd7 23. Rxd7 Kxd7 24. Rd1+ Ke6 25. Ke4 b5 26. Bg3
a5 27. f4 a4 28. b4 Rc8 29. c4 bxc4 30. Rd4 f5+ 31. Ke3 Rb8 32. Rxc4 Kd7 33.
Kd3 Bf8 34. f3 e6 35. Kc3 Rb5 36. Bf2 Kc7 37. Bc5 Bxc5 38. Rxc5 Kb6 {Chiong
Zacarias,R (2400)-Torre,E (2490) Jakarta 1978 1/2-1/2}) 9... Nxd6 10. Bf4 $146
(10. h3 Nb6 11. Bf4 Nf5 12. Be5 Bxe5 13. dxe5 Qxd1 14. Raxd1 Ng7 15. Ne4 a5 16.
Nd4 a4 17. c4 Ne6 18. Nxe6 Bxe6 19. b3 axb3 20. axb3 Ra5 21. f4 Bf5 22. Bf3 h5
23. Ra1 Rfa8 24. Rxa5 Rxa5 25. Rd1 Kg7 26. Rd2 h4 27. Kf2 Nd7 28. Bg4 Nxe5 29.
Bxf5 gxf5 30. Nc3 Ng6 31. Rd7 e6 32. Rxb7 Nxf4 {0-1 (32) Tompa,J (2395)
-Todorcevic,M (2420) Bagneux 1983}) 10... a6 $2 (10... Nf5 $14) 11. Qd2 c5 $2 (
11... Nf6 $14) 12. dxc5 $16 Nxc5 13. Rad1 Bf5 14. Nd5 Nde4 $2 (14... Nce4 15.
Qe3 $16) 15. Qe3 $16 Ne6 (15... Bxb2 16. Nc7 Qc8 17. Nxa8 Qxa8 18. Nd4 $16) 16.
g4 1-0

[Event "Pardubice"]
[Site "Pardubice"]
[Date "1994.??.??"]
[Round "7"]
[White "Hracek, Zbynek"]
[Black "Shirov, Alexei"]
[Result "0-1"]
[WhiteElo "2530"]
[BlackElo "2740"]
[Annotator "Shirov,A"]
[PlyCount "68"]
[EventDate "1994.07.??"]
[EventType "tourn"]
[EventRounds "9"]
[EventCountry "CZE"]
[EventCategory "15"]
[SourceTitle "CBM 042"]
[Source "ChessBase"]
[SourceDate "1994.10.01"]
[SourceVersion "1"]
[SourceVersionDate "1994.10.01"]
[SourceQuality "1"]

1. e4 g6 2. d4 Bg7 3. Nf3 d6 4. Nc3 Nf6 5. Be2 O-O 6. O-O c6 7. Re1 Nbd7 8. a4
(8. Bf4 Qa5) 8... e5 9. dxe5 dxe5 10. a5 Qc7 11. Be3 Rd8 $1 (11... Ng4 12. Bg5
$1 h6 $6 13. Be7 Re8 14. Bd6 $14) 12. Qb1 $5 (12. Qc1 Nf8 $10 {King,D-Gipslis/
Yurmala/1985/}) 12... Nf8 13. Qa2 Be6 $1 (13... Ne6 $2 14. Bb6 $1) 14. Bc4 $6 (
14. Qa4 Bg4 15. h3 (15. Rad1 Rxd1 16. Rxd1 Ne6 $10) 15... Bxf3 16. Bxf3 Ne6 $10
) 14... b5 $1 15. axb6 (15. Bxe6 Nxe6 $15) 15... axb6 16. Qb3 b5 (16... Rxa1 $6
17. Rxa1 b5 18. Bxe6 Nxe6 19. Ra7 Qb8 $2 20. Rxf7 $1) 17. Bxe6 Nxe6 18. Rxa8
Rxa8 19. Rd1 Bf8 $5 (19... Ng4 20. Ne2 Rd8 $1 $15) 20. g3 $2 (20. h3 $1 b4 21.
Na2 Qa5 22. Nc1 Nxe4 23. Nd3 $1 $13) 20... Ng4 $1 21. Ng5 (21. Ne2 Nc5 22. Bxc5
Bxc5 23. Rf1 Nxf2 24. Rxf2 Qa7 $19) 21... Nc5 $1 22. Bxc5 Bxc5 23. Rd2 (23. Nh3
Rd8 $17) 23... Bxf2+ $1 24. Rxf2 Ra1+ 25. Kg2 (25. Rf1 Qa7+ $19) 25... Nxf2 26.
Kxf2 Qa7+ 27. Ke2 Rg1 $1 28. Nd1 (28. Kf3 Rf1+ 29. Kg2 Qg1+ 30. Kh3 Rf2 $19) (
28. Nf3 Rg2+ 29. Kd3 Qf2 $19) 28... Rg2+ 29. Kf3 Rxh2 30. Ne3 (30. Qe3 Qd7 31.
Nf2 h6 $19) 30... Rh5 31. Kg4 (31. Qc3 Rxg5 32. Qxc6 Rxg3+ 33. Kxg3 Qxe3+ $19)
31... Qd7+ $1 32. Nf5 Qd1+ 33. Nf3 gxf5+ 34. exf5 e4 0-1

[Event "Tel Aviv ASA"]
[Site "Tel Aviv"]
[Date "1995.??.??"]
[Round "2"]
[White "Kantsler, Boris"]
[Black "Lev, Ronen"]
[Result "1-0"]
[WhiteElo "2430"]
[BlackElo "2505"]
[Annotator "Soffer,R"]
[PlyCount "81"]
[EventDate "1995.??.??"]
[EventType "tourn"]
[EventRounds "9"]
[EventCountry "ISR"]
[EventCategory "10"]
[SourceTitle "CBM 050"]
[Source "ChessBase"]
[SourceDate "1996.02.01"]
[SourceVersion "1"]
[SourceVersionDate "1996.02.01"]
[SourceQuality "1"]

1. Nf3 g6 2. e4 Bg7 3. d4 d6 4. Nc3 Nf6 5. Be2 O-O 6. O-O Nbd7 7. e5 Ne8 8. Bf4
Nb6 9. a4 a5 10. h3 c6 11. Re1 Bf5 12. Bd3 Bxd3 13. Qxd3 Nc7 14. exd6 exd6 15.
Ne4 Nc8 16. Bg5 f6 17. Bf4 Nd5 18. Bh2 Bh6 19. Qa3 Nb4 20. Qb3+ Rf7 21. Bg3 Kg7
22. Re2 b6 23. c3 Nd5 24. Rae1 Nde7 25. Bh2 Ra7 26. Ng3 Nd5 27. c4 Nf4 28. Re8
Qd7 29. d5 cxd5 30. cxd5 Ne7 31. Qxb6 Nexd5 32. Qb8 Re7 33. Rh8 Rxe1+ 34. Nxe1
Qf7 35. Rd8 Re7 36. Nf3 Nc7 37. Rxd6 Qc4 38. Qd8 Ncd5 39. Nd2 Qc7 $4 (39...
Re1+ 40. Ngf1 (40. Ndf1 Ne2+ 41. Nxe2 (41. Kh1 Nxg3+ 42. Bxg3 Qxf1+ 43. Kh2
Qh1#) 41... Qxe2 42. Rd7+ Ne7 $19) 40... Ne2+ 41. Kh1 Bxd2 42. Rd7+ Kh6 43.
Qf8+ Kg5 $19) 40. Rxd5 Nxd5 41. Nf5+ 1-0